000 00481nam a2200109Ia 4500
008 160909s9999 xx 000 0 und d
100 _aMiller, Marvin J.
245 _aServing people with intellectual disabilities: A comparative investigation of the perception of family caregivers and Kansas Ministry Network credential holders
260 _bAssemblies of God Theological Seminary
_c2016
650 _aEDUC/SPED
856 _uhttp://pqdtopen.proquest.com/doc/1784003049.html?FMT=ABS
999 _c305047
_d305047